Responses for Show #5750 - Friday, September 18, 2009

Contestants

[<< previous game]

Claxton Graham, a business analyst from Charlotte, North Carolina

Jillian Hinchliffe, a librarian and mechanical puzzles curator from Bloomington, Indiana

Gary Bechtold, a garage door company owner from St. Cloud, Minnesota (whose 1-day cash winnings total $13,600)

[next game >>]

Jeopardy! Round responses

26
YEARS
EMMY REPEAT WINNERS?
(Alex: The Emmy telecast, this Sunday, the 61st edition.)
THE MUSEUM OF FLIGHT
(Alex: ...which is located in Seattle.)
BETTER KNOWN AS
YOU'RE "DEAD" ON
    $200 26
2 & 13

Jillian
    $200 21
2001

Gary
    $200 12
Mad Men

Gary
    $200 8
(Gary: What is Germany?)

France

GaryJillian
    $200 1
Malcolm X

Gary
    $200 6
deadpan

Gary
    $400 27
[The end-of-round signal sounds.]

the marathon

Jillian
    $400 22
1876

Gary
    $400 13
HBO

Claxton
    $400 11
an ICBM

Gary
    $400 2
Irving Berlin

Jillian
    $400 7
a dead ringer

Claxton
    $600 23
1952 & 1956

Claxton
    $600 14
Bryan Cranston

Claxton
    $800 18
Sopwith

Claxton
    $600 3
Jack Ruby

Claxton
    $600 9
dead air

Jillian
    $800 24
1936

Gary
    $800 15
The Amazing Race

Triple Stumper
    $800 19
(Gary: What is the Battle of Leningrad?)
...
(Alex: It was the other "grad", [*].)

the Battle of Stalingrad

Gary
Triple Stumper
    $800 4
Ralph Lauren

Jillian
    $800 10
dead presidents

Claxton
    $1000 25
1975

Claxton
    $1000 16
(Claxton: What is The Shield?)
(Gary: What is The Closer?)

Damages

GaryClaxton
Triple Stumper
    $1000 20
the Black Sheep

Claxton
    $1000 5
Butch Cassidy

Triple Stumper
    $1000 17
dead ahead

Claxton

Scores at the first commercial break (after clue 15):

Gary Jillian Claxton
$800 $2,000 $2,800

Scores at the end of the Jeopardy! Round:

Gary Jillian Claxton
$400 $2,600 $6,200

Double Jeopardy! Round responses

FATHER TIME
MOTHER NATURE
O BROTHER, WHERE ART THOU?
THE SEVEN SISTERS
THE GODFATHER OF SOUL
COUSIN "IT"
    $400 13
"Grandma Moses"

Gary
    $400 8
the ladybug

Triple Stumper
    $400 18
Rio

Claxton
    $400 5
"The Hardest Working Man in Show Business"

Claxton
    $400 1
a substitute

Gary
    $2,000 14
(Gary: What is an elephant?)
(Alex: No. White hair--[*]. [*]. Debby was 42 years old.)

a polar bear

Gary
    $800 9
Scarlett

Gary
    $800 19
Canada

Claxton
    $800 6
Ali

Gary
    $800 2
a trinity

Gary
    $1200 15
Joliet

Gary
    $1200 10
a fetus

Triple Stumper
    $1200 20
Austria

Gary
    $1200 26
[The end-of-round signal sounds.]

Bryn Mawr

Jillian
    $1200 24
Aretha Franklin

Gary
    $1200 3
solitude

Gary
    $1600 16
(Claxton: Who is the Man in the Mountain?)
(Alex: Be a little more specific.)
(Claxton: Who is the... Man...)
(Alex: No.)
(Claxton: Face of the Mountain!?)
(Alex: Nope. Jillian?)
(Jillian: Who is Man in the Mountain?)
(Alex: No, we won't accept that one, either. It's [*]--not in the Mountain.)

the Old Man of the Mountain

JillianClaxton
Triple Stumper
    $1600 11
a panda

Gary
    $1600 21
Colombia

Triple Stumper
    $1600 23
the Apollo Theater

Gary
    $1600 4
granite

Claxton
    $2000 17
(Alex: Small neighbor of Switzerland--[*].)

Liechtenstein

Triple Stumper
    $2000 12
(Gary: What are asps?)

king cobras

Gary
Triple Stumper
    $2000 22
(Alex: The country is [*]. About a minute to go, now, Gary.)

Laos

Triple Stumper
    $2000 25
(Alex: Either hives or [*], and [*] is the correct response.)

a cold sweat

Triple Stumper
    $2000 7
restitution

Jillian

Scores at the end of the Double Jeopardy! Round:

Gary Jillian Claxton
$7,600 $4,200 $7,800

[wagering suggestions for these scores]

Final Jeopardy! Round responses

BRITISH AUTHORS
JillianWho is Lewis Carroll?
$3,602
GaryWho is Lear?
$801
ClaxtonWho is Samuel Beckett
$2,200
Edward Lear

Final scores:

Gary Jillian Claxton
$8,401 $598 $5,600
2-day champion: $22,001 3rd place: $1,000 2nd place: $2,000

Game dynamics:

Coryat scores:

Gary Jillian Claxton
$9,600 $4,200 $7,600
18 R,
5 W
(including 1 DD)
8 R,
1 W
14 R
(including 1 DD),
2 W

Combined Coryat: $21,400

[game clues] [game scores] [suggest correction]

Game tape date: 2009-07-28
The J! Archive is created by fans, for fans. Scraping, republication, monetization, and malicious use prohibited; this site may use cookies and collect identifying information. See terms. The Jeopardy! game show and all elements thereof, including but not limited to copyright and trademark thereto, are the property of Jeopardy Productions, Inc. and are protected under law. This website is not affiliated with, sponsored by, or operated by Jeopardy Productions, Inc. Join the discussion at JBoard.tv.